|
|
|
|
| LEADER |
00000nam2a2200000 4500 |
| 001 |
378831 |
| 005 |
20231102013034.0 |
| 035 |
|
|
|a (RuTPU)RU\TPU\retro\36292
|
| 035 |
|
|
|a RU\TPU\retro\36291
|
| 090 |
|
|
|a 378831
|
| 100 |
|
|
|a 20230615d1964 k y0rusy50 ca
|
| 101 |
0 |
|
|a rus
|
| 102 |
|
|
|a RU
|
| 105 |
|
|
|a a z 001zy
|
| 200 |
0 |
|
|a Вып. 58
|f отв. ред. В. И. Седова
|
| 210 |
|
|
|d 1964
|
| 215 |
|
|
|a 132 с.
|c ил.
|
| 320 |
|
|
|a Библиогр. в конце ст.
|
| 461 |
|
1 |
|0 (RuTPU)RU\TPU\retro\36250
|t Труды института ЦНИГРИ
|f Центральный научно-исследовательский горно-разведочный институт цветных, редких и благородных металлов
|v Вып. 58
|d 1958-
|
| 606 |
1 |
|
|a Золоторудные месторождения
|2 stltpush
|3 (RuTPU)RU\TPU\subj\11877
|9 38756
|
| 610 |
1 |
|
|a геология
|
| 610 |
1 |
|
|a золото
|
| 610 |
1 |
|
|a горное дело
|
| 610 |
1 |
|
|a геологическое картирование
|
| 610 |
1 |
|
|a метод индукции
|
| 610 |
1 |
|
|a флогопиты
|
| 610 |
1 |
|
|a геофизическая разведка
|
| 610 |
1 |
|
|a Центральный Алдан
|
| 610 |
1 |
|
|a радиоволновые методы
|
| 610 |
1 |
|
|a просвечивание
|
| 610 |
1 |
|
|a полиметаллические месторождения
|
| 610 |
1 |
|
|a амплитудно-фазовые измерения
|
| 610 |
1 |
|
|a Северный Кавказ
|
| 610 |
1 |
|
|a Худесское месторождение
|
| 610 |
1 |
|
|a метод вызванной поляризации
|
| 610 |
1 |
|
|a гамма-каротаж
|
| 610 |
1 |
|
|a кварцевые жилы
|
| 610 |
1 |
|
|a золоторудные месторождения
|
| 610 |
1 |
|
|a сульфидное рудопроявление
|
| 610 |
1 |
|
|a аэроэлектроразведка
|
| 675 |
|
|
|a 553.411
|v 3
|
| 702 |
|
1 |
|a Седова
|b В. И.
|4 340
|
| 801 |
|
1 |
|a RU
|b 63413507
|c 20051123
|g PSBO
|
| 801 |
|
2 |
|a RU
|b 63413507
|c 20230615
|g PSBO
|
| 942 |
|
|
|c BK
|